[Event "11th HIT Open A"]
[Site "Nova Gorica SLO"]
[Date "2006.01.30"]
[Round "7"]
[White "Azmaiparashvili,Z"]
[Black "Korneev,O"]
[Result "1/2-1/2"]
[WhiteElo "2658"]
[BlackElo "2649"]

1.c4 e6 2.Nc3 d5 3.d4 Be7 4.Nf3 Nf6 5.Bg5 h6 6.Bh4 O-O 7.e3 Ne4 8.Bxe7 Qxe7
9.Rc1 c6 10.Bd3 Nxc3 11.Rxc3 dxc4 12.Bxc4 Nd7 13.O-O b6 14.Bd3 c5 15.Be4 Rb8
16.Bc6 Rd8 17.Qc2 cxd4 18.exd4 Qd6 19.Rc1 Nf6 20.Qa4 a5 21.Qb5 Bb7 22.Bxb7 Rxb7
23.Rc6 Qf4 24.Qe5 Qxe5 25.dxe5 Ne4 26.g3 g5 27.R1c4 Nd2 28.Rc8 Rd7 29.Nxd2 Rxd2
30.Rxd8+ Rxd8 31.Rc6 Rd5 32.Rxb6 Rxe5 33.Kf1 Rc5 34.Ke2 Rc2+ 35.Kf3 a4 36.a3 Kg7
37.Rb4 f5 38.h4 Kf6 39.hxg5+ hxg5 40.Ke3 g4 41.Rb8  1/2-1/2

[Event "35th TCh-GRE"]
[Site "Ermioni GRE"]
[Date "2006.07.05"]
[Round "3"]
[White "Azmaiparashvili,Z"]
[Black "Postny,E"]
[Result "1/2-1/2"]
[WhiteElo "2669"]
[BlackElo "2591"]

1.d4 Nf6 2.c4 e6 3.Nc3 Bb4 4.Qc2 O-O 5.e4 d6 6.e5 Nfd7 7.exd6 cxd6 8.Bd3 h6
9.Ne2 d5 10.O-O dxc4 11.Bxc4 Nb6 12.Bb3 N8d7 13.Bf4 Nf6 14.Rad1 Bd7 15.Rd3 Bc6
16.Qc1 Nh7 17.Rg3 Bd6 18.Rd1 Kh8 19.Be5 Bxe5 20.dxe5 Qc7 21.f4 Rfd8 22.Nd4 Bd5
23.Ndb5 Qc5+ 24.Qe3 Qxe3+ 25.Rxe3 Bxb3 26.Rxd8+ Rxd8 27.axb3 Rd2 28.Nd6 Rxb2
29.Nxf7+ Kg8 30.Nd8 Rxb3 31.Nxe6 Na4 32.Rg3 Nxc3 33.Rxg7+ Kh8 34.Rd7 Kg8
35.Rg7+ Kh8 36.Rc7 Kg8 37.g3 Rb6 38.f5 Ne4 39.Rc8+ Kf7 40.Rc7+ Kg8 41.h4 a5
42.Rc8+ Kf7 43.Rc7+ Kg8 44.g4 a4 45.Rc8+ Kf7 46.Rc7+ Kg8 47.Rc8+ Kf7 48.Rh8 a3
49.Rxh7+ Kg8 50.Rg7+ Kh8 51.Rf7 a2 52.Rf8+ Kh7 53.Rf7+ Kh8 54.Rf8+ Kh7 55.Rf7+  1/2-1/2

[Event "Greek Teams Cup m2"]
[Site "Athens GRE"]
[Date "2006.09.30"]
[Round "1.1"]
[White "Azmaiparashvili,Z"]
[Black "Halkias,S"]
[Result "1-0"]
[WhiteElo "2669"]
[BlackElo "2551"]

1.d4 d5 2.c4 e6 3.Nc3 Be7 4.Nf3 Nf6 5.Bg5 h6 6.Bh4 O-O 7.e3 Ne4 8.Bxe7 Qxe7
9.Qc2 Nxc3 10.Qxc3 dxc4 11.Bxc4 b6 12.O-O Bb7 13.Rfd1 Nd7 14.b4 Rfc8 15.Rab1 Bxf3
16.gxf3 c6 17.Ba6 Rc7 18.a4 Qh4 19.Rbc1 Nf6 20.Qb2 Rd8 21.Kh1 Rd5 22.Rg1 Rg5
23.Bf1 Nd5 24.Rc4 Rxg1+ 25.Kxg1 Qe7 26.a5 Qg5+ 27.Bg2 Ne7 28.b5 c5 29.f4 Qh5
30.h3 Ng6 31.Qc2 Nh4 32.dxc5 Nxg2 33.Kxg2 bxa5 34.Kg3 a4 35.b6 Rd7 36.c6 Rd1
37.c7 f5 38.c8=Q+ Kh7 39.Qxd1 Qxd1 40.Rc1  1-0

[Event "Greek Teams Cup Final"]
[Site "Athens GRE"]
[Date "2006.10.01"]
[Round "2.1"]
[White "Grivas,E"]
[Black "Azmaiparashvili,Z"]
[Result "1-0"]
[WhiteElo "2496"]
[BlackElo "2669"]

1.d4 d6 2.Nf3 g6 3.c4 Bg7 4.e4 Bg4 5.Be2 Nc6 6.Be3 e5 7.d5 Bxf3 8.Bxf3 Nd4
9.Nc3 Ne7 10.O-O O-O 11.Be2 c6 12.Bd3 f5 13.exf5 gxf5 14.Bxd4 exd4 15.Ne2 f4
16.Be4 Qb6 17.Qd3 Ng6 18.Bxg6 hxg6 19.Qxg6 cxd5 20.Rad1 dxc4 21.Nxd4 Rf6
22.Qe4 Qc5 23.Qxb7 Re8 24.Nf3 Rf7 25.Qa6 d5 26.Qg6 Qb5 27.Ng5 Rf6 28.Qh7+ Kf8
29.Qh5 Kg8 30.Rxd5 Qxd5 31.Qxe8+ Rf8 32.Qe7 Qe5 33.Qxe5 Bxe5 34.Rc1 Rb8 35.Nf3 Bd6
36.Nd2 c3 37.bxc3 Ba3 38.Rb1 Rc8 39.Rb3 Bc1 40.Ne4 a5 41.Kf1 Rc4 42.f3 Ra4
43.Rb1 Be3 44.Rb2 Kf7 45.g4 fxg3 46.hxg3 Bc1 47.Rc2 Bh6 48.Ke2 Rc4  1-0

[Event "Greek Teams Cup Final"]
[Site "Athens GRE"]
[Date "2006.10.01"]
[Round "2.2"]
[White "Azmaiparashvili,Z"]
[Black "Grivas,E"]
[Result "1-0"]
[WhiteElo "2669"]
[BlackElo "2496"]

1.d4 Nf6 2.c4 g6 3.Nc3 Bg7 4.e4 d6 5.Nf3 O-O 6.Be3 c6 7.h3 a6 8.Qd2 b5 9.a3 Nbd7
10.Rc1 Bb7 11.Bd3 bxc4 12.Bxc4 c5 13.d5 Nb6 14.Ba2 a5 15.O-O a4 16.Rfe1 Nfd7
17.Bh6 f6 18.Ne2 Ne5 19.Nxe5 fxe5 20.Rc3 Ba6 21.Bg5 Qd7 22.Rg3 Rf7 23.Nc3 Kh8
24.h4 Bf6 25.h5 gxh5 26.Bxf6+ Rxf6 27.Qg5 Rg6 28.Qxh5 Rag8 29.Ree3 Rxg3 30.fxg3 Qg4
31.Qf7 Qg7 32.Rf3 Bc8 33.Bb1 Bd7 34.Bd3 Qxf7 35.Rxf7 Rg7 36.Rf3 Kg8 37.Kf2 Rg6
38.Ke1 Rh6 39.Kd2 Kg7 40.Kc2 Rh2 41.Rf2 e6 42.dxe6 Bxe6 43.Nb5 Bb3+ 44.Kd2 d5
45.exd5 Bxd5 46.Nc3 Rxg2 47.Rxg2 Bxg2 48.Bb5 Kf6 49.Nxa4 Nxa4 50.Bxa4 Ke7
51.Bc2 h6 52.Ke3 Kd6 53.Be4 Bf1 54.Kf3 c4 55.Ke3 Kc5 56.Bf3 Bd3 57.Bg2 Bf5
58.Bb7 Bg6 59.Kd2 Kd4 60.a4 Kc5 61.a5 Bf7 62.Ke3 Bg6 63.Be4 Bf7 64.a6 Kb6
65.Bb7 Bg6 66.Kd2 Bf7 67.Ke2 Bg6 68.Ke3 Bf5 69.Bd5 Kxa6 70.Bxc4+ Kb6 71.Bd3 Bxd3
72.Kxd3 Kc5 73.Ke4 Kd6 74.b4 h5 75.b5 Kc5 76.Kxe5 Kxb5 77.Kf5 Kc5 78.Kg5 Kd5
79.Kxh5 Ke6 80.g4 Kf7 81.Kh6 Kg8 82.Kg6 Kh8 83.g5 Kg8 84.Kh6  1-0

[Event "Liepajas Rokade Super"]
[Site "Liepaja LAT"]
[Date "2007.08.02"]
[Round "1"]
[White "Reimanis,R"]
[Black "Azmaiparashvili,Z"]
[Result "0-1"]
[WhiteElo "2147"]
[BlackElo "2606"]

1.d4 d6 2.c4 e5 3.dxe5 dxe5 4.Qxd8+ Kxd8 5.Nc3 Be6 6.b3 f6 7.Bb2 c6 8.e3 Nh6
9.Bd3 a5 10.a3 Nd7 11.Bc2 Nb6 12.a4 Bb4 13.Ne2 Ke7 14.O-O Rad8 15.Rfd1 Nd7
16.Ng3 f5 17.e4 f4 18.Nf5+ Kf6 19.Nxh6 gxh6 20.f3 Bc5+ 21.Kf1 Bd4 22.Rab1 Nc5
23.Rd2 Rd7 24.Nd5+ cxd5 25.Rxd4 dxc4 26.Rxd7 Nxd7 27.bxc4 Rc8 28.Ke2 Rxc4
29.Kd2 Rb4 30.g3 Ba2 31.Rd1 Rxb2 32.Kc3 Rxc2+ 33.Kxc2 Be6 34.Rb1 b6 35.gxf4 exf4
36.Rb5 Kg6 37.h4 Kf6 38.Kb2 Nc5 39.Ka3 Nxa4 40.Rb1 Bd7 41.Rd1 Nc5 42.Rd6+ Be6
43.Rxb6 Nd3 44.Rb1 Ne5 45.Rf1 Bd7 46.Kb3 Be8 47.Kc3 Bh5 48.Kd4 a4 49.Ra1 Be8
50.Kd5 Bb5 51.Kd6 Be8 52.Kd5 Bf7+ 53.Kd6 a3 54.Kc5 a2 55.Kd4 Nxf3+ 56.Kc5 Nd2
57.Kb4 Ke5 58.Ka3 f3  0-1

[Event "4th SICC Masters"]
[Site "Singapore SIN"]
[Date "2007.12.17"]
[Round "2"]
[White "Azmaiparashvili,Z"]
[Black "Li Ruofan"]
[Result "1-0"]
[WhiteElo "2606"]
[BlackElo "2417"]

1.c4 c5 2.Nf3 Nc6 3.Nc3 e5 4.g3 g6 5.Bg2 Bg7 6.O-O Nge7 7.Ne1 d6 8.Nc2 O-O
9.Ne3 Rb8 10.Ned5 a6 11.a4 a5 12.d3 Nxd5 13.cxd5 Nb4 14.f4 b6 15.Be3 f5 16.Qd2 Bb7
17.fxe5 Bxe5 18.Bh6 Bg7 19.Bxg7 Kxg7 20.d4 Ba6 21.Rf4 Qe7 22.Bf1 cxd4 23.Rxd4 Qe5
24.Rh4 Kg8 25.e4 Rf7 26.exf5 Rxf5 27.Bh3 Rf3 28.Re4 Qg7 29.Bg4 Rd3 30.Qf2 Kh8
31.Rae1 Qf8 32.Rf4 Qh6 33.Rf7 Rd2 34.Qf6+ Kg8 35.Rf8+  1-0

[Event "4th SICC Masters"]
[Site "Singapore SIN"]
[Date "2007.12.18"]
[Round "4"]
[White "Azmaiparashvili,Z"]
[Black "Dimakiling,O"]
[Result "1-0"]
[WhiteElo "2606"]
[BlackElo "2491"]

1.d4 Nf6 2.c4 e6 3.Nf3 d5 4.Nc3 dxc4 5.e4 Bb4 6.Bg5 c5 7.Bxc4 cxd4 8.Nxd4 Bxc3+
9.bxc3 Qa5 10.Bb5+ Bd7 11.Bxf6 gxf6 12.Qb3 a6 13.Be2 Nc6 14.O-O Rb8 15.Rad1 Rg8
16.Nf5 Qc7 17.Nd6+ Kf8 18.f4 Rg7 19.Rf3 Kg8 20.Rfd3 Na5 21.Qb4 Bc6 22.Qd4 Rf8
23.Qxf6 Rg6 24.Qe5 Ba4 25.R1d2 Qb6+ 26.Qd4 Qb1+ 27.Bf1 Bc2 28.Rf3 Nc6 29.Qf2 Bxe4
30.Nxe4 Qxe4 31.Bd3 Qa4 32.Bxg6 hxg6 33.Qh4 Qa3 34.Rd1 Qa4 35.Rdf1 Rd8 36.Qf6 Rd1
37.h4 Rxf1+ 38.Rxf1 Qxa2 39.Rd1 Qa3 40.Rd7 Qf8 41.Rxb7 a5 42.Rc7 Qe8 43.h5 gxh5
44.Qg5+ Kf8 45.Qxh5 Ne7 46.Qh8+ Ng8 47.Rc5 f6 48.Qh7 a4 49.Rc7 Ne7 50.Ra7 a3
51.Qh8+ Kf7 52.Qxe8+ Kxe8 53.Rxa3  1-0

[Event "4th SICC Masters"]
[Site "Singapore SIN"]
[Date "2007.12.20"]
[Round "8"]
[White "Azmaiparashvili,Z"]
[Black "Laxman,R"]
[Result "1-0"]
[WhiteElo "2606"]
[BlackElo "2395"]

1.c4 e6 2.d4 Nf6 3.Nf3 b6 4.g3 Ba6 5.Qc2 Bb4+ 6.Bd2 Be7 7.e4 d5 8.cxd5 Bxf1
9.Kxf1 exd5 10.e5 Ne4 11.Nc3 Nxc3 12.Bxc3 O-O 13.Kg2 c5 14.Rhd1 Qd7 15.b3 Nc6
16.Bb2 Rac8 17.Qe2 Qe6 18.Rac1 f6 19.dxc5 bxc5 20.Re1 f5 21.Ba3 Nb8 22.Red1 Rfd8
23.b4 cxb4 24.Nd4 Qg6 25.Rxc8 Rxc8 26.Bb2 Nd7 27.Qf3 Nb6 28.Nxf5 Qe6 29.Bd4 Bc5
30.Bxc5 Rxc5 31.Qg4 Rc7 32.Qg5 Qe8 33.e6 h6  1-0

[Event "1st Dragon Capital Vietnam Open"]
[Site "Vung Tau VIE"]
[Date "2008.08.27"]
[Round "2"]
[White "Azmaiparashvili,Z"]
[Black "Sadorra,J"]
[Result "1-0"]
[WhiteElo "2615"]
[BlackElo "2470"]

1.d4 Nf6 2.c4 e6 3.Nc3 Bb4 4.e3 O-O 5.Bd3 d5 6.Ne2 c5 7.cxd5 cxd4 8.exd4 Nxd5
9.O-O Nc6 10.Bc2 Bd6 11.Qd3 Qh4 12.g3 Qh5 13.Bd1 Rd8 14.h4 Nxc3 15.bxc3 e5
16.Bg5 f6 17.Be3 Bh3 18.Nf4 Bxf1 19.Kxf1 Qe8 20.Ne6 exd4 21.Nxd8 Rxd8 22.cxd4 Kh8
23.Bf3 Bc5 24.Re1 Ne5 25.Qe4 Nxf3 26.Qxf3 Qb5+ 27.Kg2 Bf8 28.h5 Qd5 29.Rc1 Qd7
30.h6 gxh6 31.Qxf6+ Bg7 32.Qf3 Rf8 33.Qe4 b5 34.d5 Re8 35.Qd3 h5 36.d6 h4
37.Rc7 Qe6 38.d7 Rd8 39.Bg5 h3+ 40.Kh2 Bf6 41.Qe3  1-0

[Event "1st Dragon Capital Vietnam Open"]
[Site "Vung Tau VIE"]
[Date "2008.08.28"]
[Round "3"]
[White "Phyo Chit"]
[Black "Azmaiparashvili,Z"]
[Result "0-1"]
[WhiteElo "2500"]
[BlackElo "2615"]

1.Nf3 g6 2.c4 Bg7 3.Nc3 e5 4.d4 exd4 5.Nxd4 Nc6 6.Nc2 Nge7 7.e4 f5 8.Bg5 h6
9.Bh4 g5 10.Qh5+ Kf8 11.exf5 gxh4 12.O-O-O d6 13.Bd3 Qe8 14.Qxh4 Nxf5 15.Bxf5 Bxf5
16.g4 Bxc2 17.Kxc2 Qg6+  0-1

[Event "1st Dragon Capital Vietnam Open"]
[Site "Vung Tau VIE"]
[Date "2008.08.31"]
[Round "7"]
[White "Azmaiparashvili,Z"]
[Black "Dzhumaev,M"]
[Result "1-0"]
[WhiteElo "2615"]
[BlackElo "2549"]

1.c4 f5 2.Nc3 Nf6 3.g3 g6 4.Bg2 Bg7 5.e3 O-O 6.Nge2 c6 7.O-O Na6 8.Qa4 e5
9.b4 d5 10.d4 dxc4 11.b5 cxb5 12.Nxb5 Ne4 13.Qxc4+ Rf7 14.Rd1 Bd7 15.Bb2 Qa5
16.Nbc3 Qb6 17.Qb3 Nxc3 18.Nxc3 exd4 19.exd4 Bc6 20.d5 Be8 21.d6 Bc6 22.Bxc6 bxc6
23.Na4 Qxb3 24.axb3 Rd7 25.Bxg7 Kxg7 26.Rac1 Rc8 27.b4 Rb7 28.d7 Rd8 29.Rxc6 Nxb4
30.Rc4 a5 31.Nc5 Rb6 32.Re1 Kf7 33.g4 Rc6 34.gxf5 gxf5 35.Kf1 h5  1-0

[Event "1st Dragon Capital Vietnam Open"]
[Site "Vung Tau VIE"]
[Date "2008.08.31"]
[Round "8"]
[White "Azmaiparashvili,Z"]
[Black "Tu Hoang Thai"]
[Result "1-0"]
[WhiteElo "2615"]
[BlackElo "2395"]

1.d4 Nf6 2.c4 e5 3.dxe5 Ne4 4.e3 Nc6 5.Bd3 Nc5 6.Nf3 d6 7.exd6 Qxd6 8.Bc2 Qh6
9.Nd4 Bd7 10.Nc3 O-O-O 11.Nxc6 Bxc6 12.Qg4+ Bd7 13.Qe2 Bd6 14.Bd2 Qg5 15.f4 Qh4+
16.Qf2 Qh5 17.b4 Na6 18.a3 c5 19.b5 Nc7 20.e4 f5 21.e5 Be7 22.Be3 b6 23.Nd5 Rhe8
24.Bd1 Qf7 25.Nxc7 Kxc7 26.Be2 Be6 27.Rc1 h6 28.h4 g6 29.a4 Rd7 30.a5 Rb8
31.g3 h5 32.O-O Kd8 33.Rc2 Ke8 34.Ra1 Kf8 35.Qg2 Bd8 36.Kf2 Qe7 37.Bf3 Qf7
38.Qf1 Bc7 39.Bc6 Rdd8 40.axb6 Bxb6 41.Qe2 Bd7 42.Bf3 Be6 43.Ke1 Kg7 44.Ra4 Rd7
45.Bc6 Rdd8 46.Qf2 Qe7 47.Rc3 Rbc8 48.Ra2 Rb8 49.Qc2 Qf7 50.Ra4 Rbc8 51.Rca3 Rc7
52.Kf2 Kg8 53.Qe2 Kg7 54.Kg1 Rcc8 55.Kh2 Rc7 56.Ra2 Rcc8 57.Rc2 Kg8 58.Ra1 Kg7
59.Qf1 Kg8 60.Rac1 Kg7 61.Qg1 Qe7 62.Rd1 Rxd1 63.Qxd1 Rd8 64.Bd5 Kf8 65.Rd2 Ke8
66.Kg1 Kf8 67.Kf2 Ke8 68.Bxe6 Rxd2+ 69.Qxd2 Qxe6 70.Qd5 Kf7 71.Ke2 Ke7 72.Bxc5+ Bxc5
73.Qxc5+ Ke8 74.Qc6+  1-0

[Event "1st Dragon Capital Vietnam Open"]
[Site "Vung Tau VIE"]
[Date "2008.09.01"]
[Round "9"]
[White "Tu Hoang Thong"]
[Black "Azmaiparashvili,Z"]
[Result "1/2-1/2"]
[WhiteElo "2493"]
[BlackElo "2615"]

1.e4 d6 2.Nc3 g6 3.Bc4 Nf6 4.d3 c6 5.f4 d5 6.Bb3 dxe4 7.dxe4 Qxd1+ 8.Kxd1 Na6
9.e5 Nd7 10.Be3 Ndc5 11.Nf3 Bg4 12.Ke2 f6 13.exf6 exf6 14.h3 Bd7 15.Rad1 O-O-O
16.Bf7 Be7 17.a3 Be6 18.Bxe6+ Nxe6 19.g3  1/2-1/2

[Event "37th Greek Teams"]
[Site "Kallithea GRE"]
[Date "2009.07.05"]
[Round "5"]
[White "Azmaiparashvili,Z"]
[Black "Bojkov,D"]
[Result "1/2-1/2"]
[WhiteElo "2626"]
[BlackElo "2521"]

1.d4 Nf6 2.c4 g6 3.Nc3 Bg7 4.e4 d6 5.Bg5 O-O 6.Qd2 Nbd7 7.Nge2 a6 8.Ng3 c5
9.d5 b5 10.cxb5 Nb6 11.a4 axb5 12.Bxb5 Bd7 13.O-O Bxb5 14.axb5 Qc8 15.Qe2 Rxa1
16.Rxa1 Qb7 17.Nf1 Ra8 18.Ra6 c4 19.Rxa8+ Qxa8 20.h3 h6 21.Bh4 Qa5 22.f4 Qb4
23.Ng3 Kf8 24.Bxf6 Bxf6 25.e5 dxe5 26.fxe5 Qc5+ 27.Kf1 Bg7 28.Qd2 Bxe5 29.Nge4 Qd4
30.Qxh6+ Ke8 31.Qd2 f5 32.Qxd4 Bxd4 33.Ng5 Be3 34.Nf3 Bc1 35.Nd1 Kf7 36.g4 Kf6
37.gxf5 gxf5 38.Nd4 Nxd5 39.b3 Nb6 40.bxc4 Nxc4 41.Nc3 Nb6 42.Ke2 e5 43.Nb3 Ba3
44.Kd3 Kg5 45.Nd2 f4  1/2-1/2

[Event "37th Greek Teams"]
[Site "Kallithea GRE"]
[Date "2009.07.07"]
[Round "7"]
[White "Grigorov,G"]
[Black "Azmaiparashvili,Z"]
[Result "0-1"]
[WhiteElo "2489"]
[BlackElo "2626"]

1.d4 d6 2.Nf3 g6 3.c4 Bg7 4.Nc3 e5 5.e4 Nc6 6.Bg5 f6 7.Be3 Bh6 8.Qd2 Bxe3
9.Qxe3 Bg4 10.d5 Nce7 11.Nd2 Bd7 12.Be2 h5 13.c5 Nh6 14.f4 Nf7 15.O-O O-O
16.fxe5 Nxe5 17.Nc4 Nxc4 18.Bxc4 Kg7 19.Ne2 dxc5 20.Qxc5 c6 21.d6 Ng8 22.e5 Re8
23.exf6+ Nxf6 24.Qg5 Nd5 25.Qd2 Qb6+ 26.Kh1 Qe3 27.Qxe3 Rxe3 28.Nc3 Nf6 29.Rad1 b5
30.Bd3 Rd8 31.Bc2 Be6 32.Rd4 Bd5 33.Nxd5 Nxd5 34.Bb3 Rxd6 35.Kg1 Re2 36.Rfd1 Rxb2
37.Bxd5 Rxd5 38.Rxd5 cxd5 39.Rxd5 a6 40.a4 b4 41.a5 b3 42.Rd3 Kf6 43.Re3 Kf5
44.g3 Kg4 45.h4 Kh3  0-1